|
|
|
|
| LEADER |
01916nam a2200409 a 4500 |
| 001 |
39358 |
| 003 |
BD-DhAAL |
| 005 |
20241222174524.0 |
| 008 |
220814t2009 njua b 001 0 eng d |
| 010 |
|
|
|a 2008036523
|
| 015 |
|
|
|a GBA919719
|2 bnb
|
| 016 |
7 |
|
|a 014915365
|2 Uk
|
| 020 |
|
|
|a 9780691140513 (pbk. : alk. paper)
|
| 020 |
|
|
|a 0691140510 (pbk. : alk. paper)
|
| 020 |
|
|
|a 9780691140506 (hardcover : alk. paper)
|
| 020 |
|
|
|a 0691140502 (hardcover : alk. paper)
|
| 035 |
|
|
|a (OCoLC)ocn244177303
|
| 040 |
|
|
|a DLC
|b eng
|c DLC
|d YDXCP
|d C#P
|d BWX
|d CDX
|d UKM
|d DEBBG
|d BTCTA
|d OCL
|d EUM
|d OCL
|d DLC
|d BD-DhAAL
|
| 050 |
0 |
0 |
|a HB144
|b .G56 2009
|
| 082 |
0 |
0 |
|a 330.015193
|2 22
|
| 084 |
|
|
|a QH 430
|2 rvk
|
| 084 |
|
|
|a SK 860
|2 rvk
|
| 100 |
1 |
|
|a Gintis, Herbert.
|9 50838
|
| 245 |
1 |
0 |
|a Game theory evolving :
|b a problem-centered introduction to modeling strategic interaction /
|c Herbert Gintis.
|
| 250 |
|
|
|a Second edition
|
| 260 |
|
|
|a Princeton :
|b Princeton University Press,
|c c2009.
|
| 300 |
|
|
|a xvii, 390 pages :
|b illustrations ;
|c 26 cm.
|
| 504 |
|
|
|a Includes bibliographical references (pages 375-383) and index.
|
| 520 |
8 |
|
|a This revised edition contains new material & shows students how to apply game theory to model human behaviour in ways that reflect the special nature of sociality & individuality. It continues its in-depth look at cooperation in teams, agent-based simulations, experimental economics, & the evolution & diffusion of preferences.
|
| 526 |
|
|
|a MNS
|
| 541 |
|
|
|a Paragon Enterprises LTD
|e 39358
|
| 650 |
|
0 |
|a Game theory.
|9 50839
|
| 650 |
|
0 |
|a Economics, Mathematical.
|9 50840
|
| 852 |
|
|
|a Ayesha Abed Library
|c General Stacks
|
| 942 |
|
|
|2 ddc
|c BK
|
| 999 |
|
|
|c 44800
|d 44800
|
| 952 |
|
|
|0 0
|1 0
|2 ddc
|4 0
|6 330_015193000000000_GIN
|7 0
|9 71632
|a BRACUL
|b BRACUL
|c GEN
|d 2022-08-08
|e Paragon Enterprises LTD
|g 4400.00
|l 9
|m 16
|o 330.015193 GIN
|p 3010039358
|r 2025-08-31
|s 2025-08-31
|t 1
|v 4400.00
|w 2022-08-08
|y BK
|